000 00846nam a22002777a 4500
001 BR8108185
003 BR-BrBNA
005 20230928091140.0
007 ta
008 230509b bl.||||| |||| 00| 0 por d
040 _aBR-BrBNA
_bpor
_cBiblioteca Nacional de Agricultura
041 _a(Por)
072 _aE70
_b0820
_b/G514
090 _ 0820 BR8108185
110 1 _aCentrais de Abastecimento do Para S.A., Belem (Brasil)
_91378
245 1 _aComercializacao da Melancia [Citrullus vulgaris, Para, Brasil]
260 3 _aBelem, PA (Brasil):
_c1981.
300 _a22 p.
500 _a(*) Documento disponível no(a) Secretaria de Estado de Agricultura do Para, Belem (Brazil)
650 _aMELANCIA
650 _aCOMERCIALIZACAO
650 _aARMAZENAMENTO
650 _aPARA
909 _a202309
_bLucia
_c55
_dLucia Elande
942 _cBK
999 _c32486
_d32486